| 000 -NÁVESTIE |
| fixed length control field |
00810nam a22002171i 4500 |
| 001 - EVIDENČNÉ ČÍSLO ZÁZNAMU - Kontrolné číslo |
| control field |
vtls009705370 |
| 005 - DÁTUM A ČAS POSLEDNEJ TRANSAKCIE |
| control field |
20220823091950.0 |
| 008 - ÚDAJE S PEVNOU DĹŽKOU – VŠEOBECNÉ INFORMÁCIE |
| fixed length control field |
090725s1987 SK o r 000 slo d |
| 020 ## - MEDZINÁRODNÉ ŠTANDARDNÉ ČÍSLO KNIHY (ISBN) |
| Údaje o dostupnosti |
180,-Kčs |
| 035 ## - Iný štandardný identifikátor |
| Iný štandardný identifikátor |
(SVKBBclas03)vtls000075236 |
| 040 ## - ZDROJ KATALOGIZÁCIE |
| Pôvodná katalogizujúca agentúra |
SVKBB |
| Jazyk katalogizácie |
slo |
| Prepisujúca agentúra |
SVKBB |
| Konvencie popisu |
AACR2 |
| 041 1# - KÓD JAZYKA |
| Kód jazyka textu/zvukovej stopy alebo samostatných nápisov |
slo |
| Kód jazyka originálu a/alebo sprostredkujúcich prekladov textu |
cze |
| 080 ## - ČÍSLO MEDZINÁRODNÉHO DESATINNÉHO TRIEDENIA (MDT) |
| Číslo Medzinárodného desatinného triedenia (MDT) |
7:069 |
| 100 1# - OSOBNÉ MENÁ – VŠEOBECNÉ INFORMÁCIE |
| Osobné meno |
Kotalík, Jiří T., |
| Dátumy súvisiace s menom |
1951-2020, |
| -- |
3289 |
| 245 00 - NÁZOV |
| Názov |
Národná galéria v Prahe 1 |
| Zvyšok názvu |
Zbierka starého európskeho umenia. Zbierka starého českého umenia |
| Údaj o zodpovednosti atď. |
Jiří Kotalík a kol.; úv. nap. a uspor. aut.; z čes. orig. prel. Božena Grečnerová |
| 250 ## - ÚDAJ O PORADÍ VYDANIA |
| Údaj o poradí vydania |
1. vyd. |
| 260 ## - VYDAVATEĽSKÉ ÚDAJE, DISTRIBÚCIA ATĎ. |
| Miesto publikovania, distribúcie atď. |
Bratislava |
| Názov vydavateľa, distibútora atď. |
Tatran |
| Dátum publikovania, distribúcie atď. |
1987 |
| 300 ## - FYZICKÝ POPIS |
| Rozsah |
33 s. |
| Ďalšie fyzické detaily |
Lit. na s. 333 |
| Sprievodný materiál |
Viaz. fotogr. príl. |
| 650 07 - PRIDANÝ VSTUP – PREDMET – TEMATICKÉ HESLO |
| Tematické heslo alebo geografický názov ako vstupný prvok |
galérie |
| Geografický pododdiel |
Československo. |
| -- |
3290 |
| 700 1# - PRIDANÝ VSTUP – OSOBNÉ MENO |
| Osobné meno |
Grečnerová, Božena. |
| Termín označujúci rolu |
prekl. |
| -- |
3291 |